Online Catalogue and eLibrary

Sri Lankawe samaya udesa sahasammanthranaya : (Record no. 5143)

MARC details
000 -LEADER
fixed length control field 00532nam a2200157Ia 4500
005 - DATE AND TIME OF LATEST TRANSACTION
control field 20250528024657.0
008 - FIXED-LENGTH DATA ELEMENTS--GENERAL INFORMATION
fixed length control field 240331s9999 xx 000 0 und d
020 ## - INTERNATIONAL STANDARD BOOK NUMBER
ISBN 955135804X
082 ## - DDC Classification
Item Number - Author Mark RUP
Class No. 303
100 ## - MAIN ENTRY--PERSONAL NAME
Personal name Rupasinghe,K
245 #0 - TITLE STATEMENT
Title Sri Lankawe samaya udesa sahasammanthranaya :
Remainder of title daru uthsahayan,asarthakaweem saha ugath padam
260 ## - PUBLICATION, DISTRIBUTION, ETC.
Place of publication, distribution, etc. Maharagama
Name of publisher, distributor, etc. Impulse printers & publishers
Date of publication, distribution, etc. 2006
300 ## - PHYSICAL DESCRIPTION
Extent (e.g. Volumes, Pages etc.) 476 p .,
500 ## - GENERAL NOTE
General note A book of Solidarity for peace Sri Lanka, (Attempt , failures and lessons learned)
942 ## - Koha item type (Biblio)
Koha item type Books in Stacks (Lending)
Holdings
Lost status Damaged status Collection code Home library Current library Shelving location Date acquired Full call number Accession Number Item type
    Lending WERC Library WERC Library Social Science Cupboard 03/31/2024 303.6 RUP 6359 Books in Stacks (Lending)

© WERC Library